00417nam a22001697a 450000500170000001000150001702000260003203500140005803700090007208200110008110000140009224500350010625000060014126000310014727000470017830000220022520251203145407.0 aENG-147245 a9788195321803c650.00 aEN-130777 bDBAD a954.52 aRoy, B.V. aOld Calcutta Cameos/cB.V. Roy a1 aKolkatabSahityalokec2021 a57 A, Karbala Tank Lane, bKolkatae700006 a183p. c22cm (Hb)